00354nam a2200133Ia 4500003000400000005001700004008004100021040000900062082001500071100002600086245005700112260004200169300000900211OSt20201005111257.0190216s9999||||xx |||||||||||||| ||und|| coclc a823bBHA/S aBhattacharya, Bhabani 0aSteel Hawk And Other Stories /cBhabani Bhattacharya bOrient Paper Back,c1968.aNew delhi: a132p